Statystyki dla Miasta najbliżej Wrocławia.

Kliknij tutaj aby rozwiązać quiz!

Ogólne statystyki

  • Ten quiz został rozwiązany 212 razy
  • Średni wynik to 5 z 10

Statystyki odpowiedzi

Odległość w kilometrachOdpowiedź% Poprawnych
27,2Oleśnica
80%
22,6Trzebnica
76%
25,3Oława
74%
20,8Kąty Wrocławskie
64%
21,7Jelcz-Laskowice
48%
11,2Siechnice
45%
29,4Brzeg Dolny
38%
23,1Oborniki Śląskie
38%
31,0Sobótka
33%
29,7Prusice
10%

Rozkład punktacji

Percentyl według liczby udzielonych odpowiedzi

Procent ludzi z każdym wynikiem

Twoja historia wyników

Nie rozwiązałeś tego quizu